000 00735nam a2200289Ia 4500
005 20260324124855.0
008 008 260324s9999 xx 000 0 eng d
020 _a9780203848661
037 _aEBOOK
040 _aCRL
040 _beng
040 _cCRL
041 _2eng
041 _aeng
084 _qCRL
100 _aEncarnación Gutiérrez-Rodríguez
_91175825
245 0 _aMigration, Domestic Work and Affect
245 2 _bA Decolonial Approach on Value and the Feminization of Labor
260 _bTaylor and Francis
260 _c2010
365 _a
365 _b240
856 _uhttp://www.taylorfrancis.com/books/9780203848661
942 _cEBOOK
999 _c1770603
_d1770603